000 00812nam a22002057a 4500
999 _c15626
_d15626
003 AR-CdUCM
008 190429b ||||| |||| 00| 0 spa d
040 _aMUNICIPALIDAD PROVINCIAL DEL CUSCO
_cBIBLIOTECA MUNICIPAL DEL CUSCO
082 _aC / 985.008 /
_bC73
110 _aPublicación de la comisión nacional del sesquicentenario de la independencia del Perú
_934750
245 _aObra gubernativa y epistolario de Bolívar el congreso de Panamá /
260 _aLima ;
_bPublicación de la comisión nacional del sesquicentenario de la independencia del Perú,
_c1974.
300 _a563 páginas ;
_c24 cm.
505 _aObra gubernativa y epistolario de Bolívar
650 _aIndependencia.
_9625
650 _aColección.
_92826
650 _aBolivar.
_934751
942 _2ddc
_cLIBROS
945 _awfj